MARC

LEADER 00000nam0a2200000 4500
001 222288
005 20231101230444.0
035 |a (RuTPU)RU\TPU\book\242473 
090 |a 222288 
100 |a 20120920d1957 k y0rusy50 ca 
101 1 |a rus 
102 |a RU 
105 |a a z 001zy 
200 1 |a Оксидный катод  |e сборник переводов статей  |f под ред. Л. Н. Добрецова 
210 |a Москва  |a Ленинград  |c Госэнергоиздат  |d 1957 
215 |a 192 с.  |c ил. 
320 |a Библиогр. в конце ст. 
606 1 |a Оксидный катод  |x (физика)  |2 stltpush  |3 (RuTPU)RU\TPU\subj\46932  |9 66014 
606 1 |a Термоэлектронная эмиссия  |2 stltpush  |3 (RuTPU)RU\TPU\subj\59993  |9 77484 
610 1 |a испарение 
610 1 |a продукты 
610 1 |a исследование 
610 1 |a импульсный режим 
610 1 |a электроны 
610 1 |a термоэмиттеры 
610 1 |a измерительные устройства 
675 |a 537.58  |v 3 
702 1 |a Добрецов  |b Л. Н.  |g Леонтий Николаевич  |4 340 
801 1 |a RU  |b 63413507  |c 20120920 
801 2 |a RU  |b 63413507  |c 20121207  |g RCR 
942 |c BK